| 000 | 00646nam a2200181Ia 4500 | ||
|---|---|---|---|
| 008 | 100921s9999 xx 000 0 und d | ||
| 082 |
_b35834 _a891.433 थ 68 |
||
| 100 | _aअमृतराय. | ||
| 245 | _aएक साँवली लडकी. | ||
| 260 |
_bहिंद पॉकेट बुक्स,दिल्ली. _c1968 |
||
| 300 |
_a103 _b--- |
||
| 365 | _b1 | ||
| 520 | _aललित -हिंदी-कथा,कादं. | ||
| 630 | _aएक साँवली लडकी. | ||
| 650 | _aललित -हिंदी-कथा,कादं. | ||
| 730 | _aएक साँवली लडकी. | ||
| 942 | _cBOOK | ||
| 999 |
_c784947 _d784944 |
||